000 00547nam a2200193Ia 4500
005 20250522104513.0
008 008 250516s9999 xx 000 0 eng d
020 _a9781647266660
040 _aSDCL
_beng
_cSDCL
041 _aeng
_2eng
084 _aX64:(B), R3
_qSDCL
100 _aBradley, Hope
_9725123
245 0 _aMathematical methods for economics and finance
260 _aNew York:
_bClanrye International,
_c2023.
300 _avi,244p.
365 _aUSD
_b158.95
650 _aBusiness Economics and Finance
942 _cTEXL
999 _c1430570
_d1430570